000 00481nam a22001697a 4500
005 20251108164330.0
008 250721s1986 xx 000 0 ara d
082 1 4 _a921/غزا
100 1 _aجحا، فريد
245 1 0 _aأبو حامد الغزالي :
_bسيرته - مؤلفاته /
264 1 _aالقاهرة :
_bدار طلاس للنشر،
_c1986.
300 _a573 ص
650 1 7 _aالتراجم
650 1 7 _aالفلاسفة
942 _2ddc
_cBK
999 _c9538
_d9538